Tropical rain forests ecology, diversity and conversation

Bibliographic Details
Format: Book
Published: Oxfor : Oxford University Press , 2010.
Subjects:

MARC

LEADER 00000cam a2200000 7i4500
001 0000004116
005 20180323.0
020 0 0 |a 9780199595464 
090 0 0 |a 577.34   |b TROP 2010 
245 1 0 |a Tropical rain forests ecology, diversity and conversation   |c Jaboury Ghazoul & Douglas Sheil. 
260 0 0 |a Oxfor :   |b Oxford University Press ,   |c 2010. 
300 |a xvi, 515 p. :   |b illc25 cm. 
650 0 0 |a Rain biodiversity conservation 
650 0 0 |a Rain forests ecology. 
999 |a 007980   |b Monograph   |c Open Shelf   |e Default branch